Erdélyi János nyomában A filozófus, népdalok és mondák gyűjtője

Podrobná bibliografia
Hlavný autor: Motesiky, Árpád, 1941-2021 (Autor)
Médium: Článok
Jazyk:maďarčina
Fyzický popis:Fotogr. 2, obr. 1
Predmet:

MARC

LEADER 00000nab a2200000 a 4500
001 vtls000516827
003 SK-MaSNL
005 20260318132546.0
008 160202c1994 xo 0 hun
015 |a SNBRB19rr/mm-uuuuu 
035 |a CL0516965 
040 |a SNKBUCL  |b slo  |c SNKBUCL  |e AACR2 
041 0 |a hun 
044 |a xo  |c SK 
080 |a 82:929:894.511  |2 1981 
080 |a 894.511  |2 1981 
080 |a 101.9  |2 1981 
080 |a 82:061.7  |2 1981 
100 1 |a Motesiky, Árpád,  |d 1941-2021  |4 aut  |9 98921 
245 1 0 |a Erdélyi János nyomában  |b A filozófus, népdalok és mondák gyűjtője  |c Árpád Motesiky 
300 |b Fotogr. 2, obr. 1 
600 1 7 |a Erdéli, Ján,  |d 1814-1868  |2 snkbucl  |9 171885 
648 7 |a 1994  |2 SNKPH  |9 270209 
648 7 |a 8.-9.4.1994  |2 SNKPH  |9 981848 
650 0 7 |a spomienkové podujatia  |2 SNKPH  |9 120764 
651 7 |a 5412  |2 snkbucl  |9 444441 
651 7 |a Veľké Kapušany (Slovensko)  |2 SNKPH  |9 15686 
655 7 |a články z novín a časopisov  |2 snkbucl  |9 267496 
655 7 |a články z odboru literárna veda a krásna literatúra  |2 snkbucl  |9 770045 
773 0 |t A Hét  |g Roč. 39, č. 20 (1994), s. 2-3 
850 |a Slovenská národná knižnica v Martine  |a DSG001 
852 |a SNK  |b KIS3GCP 
958 |a RK 
958 |a HU 
958 |a LX 
992 |a RBX 
999 |c 2134037  |d 2135967